000 01201nam a2200337 i 4500
003 DO-SdBNP
005 20250320104720.0
007 ta
008 250225t2017 dr o 000 0 spa d
020 _a9789945088441
040 _aDO-SdBNP
_bspa
_cBNPHU
_erda
082 _a617.952
_bA162
_222
100 _aAbreu, Jesús
_eautor
_4aut.
_987049
245 1 0 _aSin filtro /
_cJesús Abreu ; coordinador general José Llano ; fotógrafo David Pou ; edición Ana Blanco
264 1 _aSanto Domingo :
_b[editor no identificado],
_c2017.
300 _a299 páginas
_bfotografías
_c31 cm.
336 _atexto
_btxt
_2rdacontent
337 _asin mediación
_bn
_2rdamedia
338 _avolumen
_bnc
_2rdacarrier
500 _aLibro en pasta dura.
590 _aInventariado, 2025/ YL
650 7 _aCirugía plástica
_987051
_2LEMB
650 4 _aCirugía estética
_987052
650 4 _aCirugía reconstructiva
_987053
650 4 _aProcedimientos quirúrgicos reconstructivos
_987054
700 1 _aLlano, José
_ecoordinador general
_4coord.
_987050
700 1 _aPou, David
_efotógrafo
_4fot.
_976675
700 _aBlanco, Ana
_eedición
_4ed.
_972556
910 _aYLockward
942 _2ddc
_cLBS1
999 _c58223
_d58223